[Event "Imperia op-A 47th"]
[Site "Imperia"]
[Date "2005.09.01"]
[Round "6"]
[White "Blasco, Domenico"]
[Black "Tasic, Branislav"]
[Result "1/2-1/2"]
[WhiteElo "1994"]
[BlackElo "2245"]
[PlyCount "30"]
[EventDate "2005.08.28"]
[EventType "swiss"]
[EventRounds "9"]
[EventCountry "ITA"]
[SourceTitle "EXT 2007"]
[Source "ChessBase"]
[SourceDate "2006.11.23"]
[SourceVersion "1"]
[SourceVersionDate "2006.11.23"]
[SourceQuality "1"]

1. d4 Nf6 2. Nf3 g6 3. Bf4 Bg7 4. e3 d6 5. Be2 Nh5 6. Bg5 h6 7. Bh4 g5 8. Nfd2 gxh4 9. Bxh5 e5 10. dxe5 dxe5 11. Bg4 Nd7 12. Nc3 0-0 13. e4 Nc5 14. Bxc8 Rxc8 15. Qg4 Qg5 1/2-1/2

[Event "Imperia op-A 47th"]
[Site "Imperia"]
[Date "2005.08.31"]
[Round "4"]
[White "Tasic, Branislav"]
[Black "Cugini, Verter"]
[Result "1-0"]
[WhiteElo "2245"]
[BlackElo "2210"]
[PlyCount "123"]
[EventDate "2005.08.28"]
[EventType "swiss"]
[EventRounds "9"]
[EventCountry "ITA"]
[SourceTitle "EXT 2022"]
[Source "ChessBase"]
[SourceDate "2021.10.06"]
[SourceVersion "1"]
[SourceVersionDate "2021.10.06"]
[SourceQuality "1"]

1. d4 d6 2. Nf3 Nf6 3. c4 g6 4. Nc3 Bg7 5. e4 c5 6. d5 0-0 7. Nd2 Na6 8. Be2 Nc7 9. 0-0 a6 10. a4 Bd7 11. f4 b5 12. e5 Nfe8 13. Nf3 bxc4 14. Bxc4 Bg4 15. Re1 Rb8 16. h3 Bxf3 17. Qxf3 f6 18. exf6 Nxf6 19. Ra2 Rf7 20. b3 Qc8 21. Rae2 Kf8 22. Kh2 Na8 23. a5 Nc7 24. Re6 Nb5 25. Bxb5 axb5 26. Bd2 b4 27. Ne4 Nxe4 28. Qxe4 Qd7 29. g4 Ra8 30. h4 Rxa5 31. h5 Ra2 32. Re2 Bc3 33. hxg6 hxg6 34. Bxc3 Rxe2+ 35. Qxe2 bxc3 36. Kg3 Qb7 37. Qh2 Ke8 38. Qh8+ Rf8 39. Qg7 c2 40. Qxg6+ Kd8 41. Qxc2 Qxd5 42. Qc4 Qh1 43. Qe4 Qg1+ 44. Kf3 Qd1+ 45. Kg3 Qxb3+ 46. Qe3 Qxe3+ 47. Rxe3 Ke8 48. f5 Kf7 49. Kf4 Rb8 50. Kg5 c4 51. Rc3 d5 52. Kf4 Rb3 53. Rc1 Rd3 54. g5 e6 55. g6+ Kf6 56. Rg1 e5+ 57. Kg4 Ra3 58. Rb1 e4 59. Rb6+ Kg7 60. Rb7+ Kg8 61. f6 Ra8 62. Kg5 1-0

[Event "Imperia op-A 47th"]
[Site "Imperia"]
[Date "2005.08.31"]
[Round "5"]
[White "Tasic, Branislav"]
[Black "Mueller, Ralf1111"]
[Result "1/2-1/2"]
[WhiteElo "2245"]
[BlackElo "2342"]
[PlyCount "53"]
[EventDate "2005.08.28"]
[EventType "swiss"]
[EventRounds "9"]
[EventCountry "ITA"]
[SourceTitle "EXT 2007"]
[Source "ChessBase"]
[SourceDate "2006.11.23"]
[SourceVersion "1"]
[SourceVersionDate "2006.11.23"]
[SourceQuality "1"]

1. d4 Nf6 2. Nf3 g6 3. c4 Bg7 4. Nc3 d5 5. Bf4 0-0 6. Rc1 c5 7. dxc5 dxc4 8. e3 Nbd7 9. Bxc4 Nxc5 10. 0-0 Be6 11. Bxe6 Nxe6 12. Be5 Qa5 13. Qe2 Rfd8 14. Rfd1 a6 15. e4 Bh6 16. Rxd8+ Rxd8 17. Rd1 Ng4 18. Bg3 Rxd1+ 19. Qxd1 Bg7 20. Nd5 Bxb2 21. h3 Nf6 22. Qc2 Ba3 23. Qc8+ Qd8 24. Qxb7 Nxe4 25. Nxe7+ Bxe7 26. Qxe4 Nc5 27. Qc6 1/2-1/2

[Event "Nice op 21st"]
[Site "Nice"]
[Date "2005.08.02"]
[Round "2"]
[White "Tasic, Branislav"]
[Black "Sanchez, Joseph"]
[Result "0-1"]
[WhiteElo "2245"]
[BlackElo "2452"]
[PlyCount "60"]
[EventDate "2005.08.01"]
[EventType "swiss"]
[EventRounds "7"]
[EventCountry "FRA"]
[SourceTitle "CBM 107 Extra"]
[Source "ChessBase"]
[SourceDate "2005.09.01"]
[SourceVersion "1"]
[SourceVersionDate "2005.09.01"]
[SourceQuality "1"]

1. d4 d5 2. c4 c6 3. Nf3 Nf6 4. g3 Bg4 5. Ne5 Bh5 6. Bg2 e6 7. 0-0 Nbd7 8. Nxd7 Qxd7 9. cxd5 exd5 10. Nd2 Bd6 11. Nf3 0-0 12. Ne5 Qe7 13. f4 c5 14. Kh1 cxd4 15. Qxd4 Bxe2 16. Re1 Ba6 17. Be3 Rfe8 18. Bg1 Bc7 19. Qd2 Qd6 20. Rad1 b6 21. Bf3 Rad8 22. Qg2 Bb7 23. h3 a5 24. Kh2 b5 25. Bd4 Ne4 26. Qg1 f6 27. Ng4 h5 28. Bxe4 dxe4 29. Bxf6 Qd2+ 30. Rxd2 Rxd2+ 0-1

[Event "Nice"]
[Site "Nice"]
[Date "1994.??.??"]
[Round "3"]
[White "Bacrot, Etienne"]
[Black "Tasic, Branislav"]
[Result "1-0"]
[WhiteElo "2255"]
[BlackElo "2290"]
[PlyCount "63"]
[EventDate "1994.01.??"]
[EventType "tourn"]
[EventRounds "11"]
[EventCountry "FRA"]
[EventCategory "7"]
[SourceTitle "CBM 040 Extra"]
[Source "ChessBase"]
[SourceDate "1994.07.01"]
[SourceVersion "1"]
[SourceVersionDate "1994.07.01"]
[SourceQuality "1"]

1. Nf3 Nf6 2. g3 g6 3. Bg2 Bg7 4. 0-0 0-0 5. c4 d6 6. Nc3 c5 7. d4 Nc6 8. d5 Na5 9. Nd2 e5 10. a3 b6 11. b4 Nb7 12. e4 Ng4 13. Nb3 f5 14. f3 Nf6 15. Qc2 Qe7 16. Bd2 Bd7 17. Rae1 Rac8 18. b5 Qf7 19. a4 h5 20. f4 Rce8 21. Kh1 h4 22. gxh4 exf4 23. Rxf4 Nh5 24. Rff1 f4 25. Bf3 Be5 26. Rg1 Kh7 27. Rg5 Rg8 28. Ne2 Kh6 29. Rf1 Bf6 30. Bxh5 Bxg5 31. hxg5+ Kh7 32. Nxf4 1-0

[Event "Nice"]
[Site "Nice"]
[Date "1994.??.??"]
[Round "5"]
[White "Santo Roman, Marc"]
[Black "Tasic, Branislav"]
[Result "1-0"]
[WhiteElo "2440"]
[BlackElo "2290"]
[PlyCount "69"]
[EventDate "1994.01.??"]
[EventType "tourn"]
[EventRounds "11"]
[EventCountry "FRA"]
[EventCategory "7"]
[SourceTitle "CBM 040 Extra"]
[Source "ChessBase"]
[SourceDate "1994.07.01"]
[SourceVersion "1"]
[SourceVersionDate "1994.07.01"]
[SourceQuality "1"]

1. e4 c5 2. Nf3 d6 3. d4 cxd4 4. Nxd4 Nf6 5. Nc3 g6 6. Be3 Bg7 7. f3 0-0 8. Qd2 Nc6 9. Bc4 Bd7 10. h4 Rc8 11. Bb3 Ne5 12. 0-0-0 Nc4 13. Bxc4 Rxc4 14. h5 Qc7 15. Kb1 Rc8 16. g4 b5 17. hxg6 fxg6 18. Qh2 Rxc3 19. bxc3 Qxc3 20. Qd2 Qc7 21. Ne2 Be6 22. Bd4 Qc4 23. Nc1 a5 24. Rh2 b4 25. Qe3 a4 26. g5 Nh5 27. Bxg7 Nxg7 28. f4 Rc5 29. Rd4 Qb5 30. f5 Bf7 31. f6 Ne6 32. Rd5 exf6 33. gxf6 Rxd5 34. exd5 Qxd5 35. Qh6 1-0

[Event "Nice"]
[Site "Nice"]
[Date "1994.??.??"]
[Round "7"]
[White "Tasic, Branislav"]
[Black "Mitkov, Nikola"]
[Result "0-1"]
[WhiteElo "2290"]
[BlackElo "2470"]
[PlyCount "82"]
[EventDate "1994.01.??"]
[EventType "tourn"]
[EventRounds "11"]
[EventCountry "FRA"]
[EventCategory "7"]
[SourceTitle "CBM 040 Extra"]
[Source "ChessBase"]
[SourceDate "1994.07.01"]
[SourceVersion "1"]
[SourceVersionDate "1994.07.01"]
[SourceQuality "1"]

1. d4 Nf6 2. c4 e6 3. Nf3 d5 4. g3 dxc4 5. Bg2 Nc6 6. 0-0 Rb8 7. a4 b6 8. Nc3 Bb7 9. e3 Na5 10. Qe2 Bb4 11. Ne5 Bxg2 12. Kxg2 0-0 13. f3 Qc8 14. Na2 Bd6 15. Bd2 Bxe5 16. dxe5 Nd7 17. f4 Qb7+ 18. e4 Nb3 19. Rae1 Nxd2 20. Qxd2 Nc5 21. Nc3 Rbd8 22. Qe2 Rd4 23. Qf3 Rd3 24. Qg4 Rd2+ 25. Kh3 Nd3 26. Re2 Rxe2 27. Qxe2 a6 28. f5 Nxe5 29. f6 b5 30. Qh5 Ng6 31. axb5 axb5 32. fxg7 Kxg7 33. Qxb5 Qxb5 34. Nxb5 Rb8 35. Nxc7 Rxb2 36. Ne8+ Kf8 37. Nd6 Ne5 38. Rc1 Rb4 39. g4 Ke7 40. Nc8+ Kd7 41. Na7 Kc7 0-1

[Event "FRA-chT"]
[Site "France"]
[Date "1994.??.??"]
[Round "?"]
[White "Tasic, Branislav"]
[Black "Schmitt, Andre"]
[Result "1/2-1/2"]
[WhiteElo "2290"]
[BlackElo "2325"]
[PlyCount "34"]
[EventDate "1994.??.??"]
[EventType "team"]
[EventRounds "11"]
[EventCountry "FRA"]
[SourceTitle "EXT 1999"]
[Source "ChessBase"]
[SourceDate "1998.11.16"]
[SourceVersion "1"]
[SourceVersionDate "1998.11.16"]
[SourceQuality "1"]

1. d4 Nf6 2. c4 g6 3. Nc3 d5 4. Bf4 Bg7 5. e3 c5 6. dxc5 Qa5 7. Rc1 Ne4 8. Nge2 dxc4 9. Qa4+ Qxa4 10. Nxa4 e5 11. Bg3 Be6 12. f3 Nxg3 13. Nxg3 b5 14. cxb6 axb6 15. Nxb6 Rxa2 16. Nxc4 Bxc4 17. Bxc4 Rxb2 1/2-1/2

[Event "FRA-chT"]
[Site "France"]
[Date "1994.??.??"]
[Round "3"]
[White "Tasic, Branislav"]
[Black "Sharif, Mershad"]
[Result "0-1"]
[WhiteElo "2290"]
[BlackElo "2455"]
[PlyCount "77"]
[EventDate "1994.??.??"]
[EventType "team"]
[EventRounds "11"]
[EventCountry "FRA"]
[SourceTitle "EXT 1999"]
[Source "ChessBase"]
[SourceDate "1998.11.16"]
[SourceVersion "1"]
[SourceVersionDate "1998.11.16"]
[SourceQuality "1"]

1. d4 e6 2. c4 Bb4+ 3. Bd2 a5 4. g3 d6 5. Bg2 e5 6. Bc3 exd4 7. Qxd4 Nf6 8. Nf3 0-0 9. a3 Nc6 10. Qh4 Bxc3+ 11. Nxc3 Ne7 12. 0-0 c6 13. Rfd1 Bg4 14. Qg5 Qb6 15. Rd2 Ng6 16. Rc2 h6 17. Qd2 Rad8 18. Nd4 Rfe8 19. h3 Bc8 20. Na4 Qc7 21. Nc3 Re5 22. Nf3 Re7 23. Rcc1 Be6 24. b3 d5 25. cxd5 Nxd5 26. Nxd5 Bxd5 27. Qb2 Qb6 28. Rd1 Red7 29. Rab1 Re8 30. e3 Qd8 31. Kh2 Qc7 32. Rbc1 Red8 33. Qc2 Qb6 34. Nd4 Nf8 35. Bxd5 Rxd5 36. Nf5 Qc7 37. Rxd5 Rxd5 38. Nd4 Qd6 39. Nf5 0-1

[Event "FRA-chT"]
[Site "France"]
[Date "1994.??.??"]
[Round "2"]
[White "Tasic, Branislav"]
[Black "Spassky, Boris Vasilievich"]
[Result "1/2-1/2"]
[WhiteElo "2290"]
[BlackElo "2565"]
[PlyCount "63"]
[EventDate "1994.??.??"]
[EventType "team"]
[EventRounds "11"]
[EventCountry "FRA"]
[SourceTitle "EXT 1999"]
[Source "ChessBase"]
[SourceDate "1998.11.16"]
[SourceVersion "1"]
[SourceVersionDate "1998.11.16"]
[SourceQuality "1"]

1. d4 Nf6 2. c4 e6 3. Nf3 Bb4+ 4. Bd2 Bxd2+ 5. Qxd2 d5 6. g3 0-0 7. Bg2 Nbd7 8. 0-0 c6 9. Rc1 b6 10. Qe3 Bb7 11. Nbd2 c5 12. dxc5 bxc5 13. cxd5 exd5 14. Qa3 Qb6 15. Rab1 a5 16. Qa4 c4 17. b3 Nc5 18. Qa3 c3 19. Rxc3 Nce4 20. Nxe4 Nxe4 21. Re3 Rae8 22. Qc1 d4 23. Rd3 Nc3 24. Nxd4 Nxb1 25. Qxb1 Bxg2 26. Kxg2 g6 27. Qd1 Re5 28. e3 Rc8 29. a4 Rec5 30. Qf3 Rc3 31. Rxc3 Rxc3 32. Qe4 1/2-1/2

[Event "Nice"]
[Site "Nice"]
[Date "1994.??.??"]
[Round "6"]
[White "Touzane, Olivier"]
[Black "Tasic, Branislav"]
[Result "1-0"]
[WhiteElo "2330"]
[BlackElo "2290"]
[PlyCount "80"]
[EventDate "1994.01.??"]
[EventType "tourn"]
[EventRounds "11"]
[EventCountry "FRA"]
[EventCategory "7"]
[SourceTitle "CBM 040 Extra"]
[Source "ChessBase"]
[SourceDate "1994.07.01"]
[SourceVersion "1"]
[SourceVersionDate "1994.07.01"]
[SourceQuality "1"]

1. d4 Nf6 2. c4 g6 3. Nc3 Bg7 4. e4 d6 5. Nf3 0-0 6. Be2 e5 7. 0-0 Nc6 8. d5 Ne7 9. Nd2 a5 10. a3 Bd7 11. b3 Ne8 12. Rb1 c5 13. b4 axb4 14. axb4 b6 15. bxc5 bxc5 16. Nb3 f5 17. f3 Nf6 18. Bd2 Nc8 19. Ra1 Rxa1 20. Qxa1 f4 21. Qa5 Qe7 22. Qc7 h5 23. Na5 Ne8 24. Qb7 Rf7 25. Nc6 Qg5 26. Qa6 Bh3 27. Rf2 Bf8 28. Nb5 Bd7 29. Ba5 Qf6 30. Bd8 Qg7 31. Nb8 Bxb5 32. cxb5 Rb7 33. Nc6 Qd7 34. b6 Be7 35. Bxe7 Nxe7 36. Na5 Rb8 37. Bb5 Qc8 38. Qa7 Kf8 39. Bc6 Qd8 40. Rb2 Nf6 1-0

[Event "Ptuj-B"]
[Site "Ptuj"]
[Date "1993.??.??"]
[Round "2"]
[White "Gerencer, Jozef"]
[Black "Tasic, Branislav"]
[Result "0-1"]
[WhiteElo "2230"]
[BlackElo "2245"]
[PlyCount "77"]
[EventDate "1993.11.??"]
[EventType "tourn"]
[EventRounds "10"]
[EventCountry "SLO"]
[EventCategory "2"]
[SourceTitle "EXT 1997"]
[Source "ChessBase"]
[SourceDate "1996.11.15"]
[SourceVersion "1"]
[SourceVersionDate "1996.11.15"]
[SourceQuality "1"]

1. d4 Nf6 2. Nf3 g6 3. Bf4 Bg7 4. e3 d6 5. h3 0-0 6. Bc4 b6 7. Nbd2 Bb7 8. 0-0 c5 9. c3 Nbd7 10. Qe2 a6 11. a4 Ra7 12. Rfd1 Qa8 13. Ne1 Bc6 14. f3 b5 15. axb5 axb5 16. Rxa7 Qxa7 17. Bxb5 Bxb5 18. Qxb5 Rb8 19. Qd3 Rxb2 20. Rb1 Rxb1 21. Qxb1 Nd5 22. Qe4 N7f6 23. Qd3 Nxf4 24. exf4 cxd4 25. Qxd4 Qa1 26. Kf1 Nh5 27. Qe3 Bxc3 28. g4 Nf6 29. Ke2 Nd5 30. Qe4 Qa2 31. Nc2 Nxf4+ 32. Kd1 Nxh3 33. Qe3 Be5 34. Ne1 Nf4 35. Nd3 Qa1+ 36. Nc1 Nd5 37. Qb3 Qd4 38. Nd3 Qg1+ 39. Kc2 0-1

[Event "Cannes op2"]
[Site "Cannes"]
[Date "1993.??.??"]
[Round "?"]
[White "Tasic, Branislav"]
[Black "Murey, Jacob"]
[Result "1/2-1/2"]
[WhiteElo "2250"]
[BlackElo "2530"]
[PlyCount "71"]
[EventDate "1993.??.??"]
[EventType "swiss"]
[EventRounds "9"]
[EventCountry "FRA"]
[SourceTitle "EXT 2000"]
[Source "ChessBase"]
[SourceDate "1999.11.16"]
[SourceVersion "1"]
[SourceVersionDate "1999.11.16"]
[SourceQuality "1"]

1. d4 Nf6 2. c4 g6 3. Nc3 Bg7 4. e4 d6 5. f4 c5 6. d5 e6 7. Nf3 exd5 8. cxd5 0-0 9. Be2 Re8 10. Nd2 Nbd7 11. 0-0 c4 12. Kh1 Nc5 13. e5 dxe5 14. fxe5 Rxe5 15. Nxc4 Re8 16. Bg5 h6 17. Bh4 Nce4 18. Nxe4 Rxe4 19. Bg3 Nxd5 20. Rxf7 Be6 21. Rxb7 Qf6 22. Bf3 Rxc4 23. Bxd5 Rcc8 24. Rxg7+ Kxg7 25. Qe2 Bxd5 26. Be5 Rc6 27. Bxf6+ Rxf6 28. Qe7+ Bf7 29. Kg1 a5 30. Rf1 Rxf1+ 31. Kxf1 a4 32. Qb7 Ra5 33. g4 Rc5 34. Kf2 Rc4 35. Kg3 g5 36. h3 1/2-1/2

[Event "Ptuj-B"]
[Site "Ptuj"]
[Date "1993.??.??"]
[Round "1"]
[White "Tasic, Branislav"]
[Black "Zsinka, Laszlo"]
[Result "0-1"]
[WhiteElo "2245"]
[BlackElo "2325"]
[PlyCount "40"]
[EventDate "1993.11.??"]
[EventType "tourn"]
[EventRounds "10"]
[EventCountry "SLO"]
[EventCategory "2"]
[SourceTitle "EXT 1997"]
[Source "ChessBase"]
[SourceDate "1996.11.15"]
[SourceVersion "1"]
[SourceVersionDate "1996.11.15"]
[SourceQuality "1"]

1. d4 Nf6 2. c4 e6 3. Nf3 b6 4. g3 Bb7 5. Bg2 Bb4+ 6. Bd2 Be7 7. Nc3 0-0 8. 0-0 d5 9. cxd5 exd5 10. Ne5 Na6 11. Bf4 Qc8 12. Qb3 Qe6 13. Nd3 Rfd8 14. Rad1 h6 15. Rfe1 Qf5 16. h3 h5 17. Ne5 g5 18. Bc1 c5 19. Nxd5 Bxd5 20. Bxd5 Rxd5 0-1

[Event "Ptuj-B"]
[Site "Ptuj"]
[Date "1993.??.??"]
[Round "6"]
[White "Velickovic, Zoran"]
[Black "Tasic, Branislav"]
[Result "1/2-1/2"]
[WhiteElo "2285"]
[BlackElo "2245"]
[PlyCount "32"]
[EventDate "1993.11.??"]
[EventType "tourn"]
[EventRounds "10"]
[EventCountry "SLO"]
[EventCategory "2"]
[SourceTitle "EXT 1997"]
[Source "ChessBase"]
[SourceDate "1996.11.15"]
[SourceVersion "1"]
[SourceVersionDate "1996.11.15"]
[SourceQuality "1"]

1. Nf3 Nf6 2. g3 g6 3. c4 Bg7 4. Bg2 0-0 5. d4 d6 6. 0-0 c5 7. Nc3 Nc6 8. dxc5 dxc5 9. Bf4 Bd7 10. Ne5 Nxe5 11. Bxe5 Qc8 12. Bxf6 Bxf6 13. Nd5 Bc6 14. Nxf6+ exf6 15. Bxc6 Qxc6 16. Qc2 Rad8 1/2-1/2

[Event "Cannes op"]
[Site "Cannes"]
[Date "1990.??.??"]
[Round "4"]
[White "Bricard, Emmanuel"]
[Black "Tasic, Branislav"]
[Result "1-0"]
[WhiteElo "2375"]
[BlackElo "2120"]
[PlyCount "38"]
[EventDate "1990.02.??"]
[EventType "swiss"]
[EventRounds "9"]
[EventCountry "FRA"]
[SourceTitle "EXT 1997"]
[Source "ChessBase"]
[SourceDate "1996.11.15"]
[SourceVersion "1"]
[SourceVersionDate "1996.11.15"]
[SourceQuality "1"]

1. b3 Nf6 2. Bb2 d6 3. c4 g6 4. g3 Bg7 5. Bg2 0-0 6. Nc3 c5 7. Nh3 e5 8. 0-0 Nc6 9. f4 Bxh3 10. Bxh3 exf4 11. Rxf4 d5 12. Bg2 Nh5 13. Rh4 dxc4 14. bxc4 f5 15. Rb1 f4 16. Qe1 Bd4+ 17. e3 f3 18. Bxf3 Rxf3 19. exd4 Rxg3+ 1-0

[Event "Cannes op"]
[Site "Cannes"]
[Date "1990.??.??"]
[Round "8"]
[White "Nicholson, John G"]
[Black "Tasic, Branislav"]
[Result "1-0"]
[WhiteElo "2325"]
[BlackElo "2120"]
[PlyCount "45"]
[EventDate "1990.02.??"]
[EventType "swiss"]
[EventRounds "9"]
[EventCountry "FRA"]
[SourceTitle "EXT 1997"]
[Source "ChessBase"]
[SourceDate "1996.11.15"]
[SourceVersion "1"]
[SourceVersionDate "1996.11.15"]
[SourceQuality "1"]

1. e4 c5 2. Nf3 d6 3. d4 cxd4 4. Nxd4 Nf6 5. Nc3 g6 6. Be3 Bg7 7. f3 Nc6 8. Qd2 0-0 9. 0-0-0 d5 10. Qe1 e5 11. Nxc6 bxc6 12. exd5 Nxd5 13. h4 Be6 14. h5 f5 15. hxg6 hxg6 16. Bc4 Rb8 17. Bb3 Rb7 18. Na4 Bf7 19. c4 Qc8 20. cxd5 cxd5+ 21. Kb1 d4 22. Bh6 Bxb3 23. axb3 1-0